Régészeti lelőhelyekről származó fitolit vizsgálatok jelentősége az archeobotanikában

Elmentve itt :
Bibliográfiai részletek
Szerzők: Persaits Gergő
Sümegi Pál
Dokumentumtípus: Könyv része
Megjelent: Szegedi Tudományegyetem Földrajzi és Földtani Tanszékcsoport Szeged 2015
Sorozat:Komplex archeobotanika
mtmt:2983967
Online Access:http://publicatio.bibl.u-szeged.hu/21722
LEADER 00900naa a2200205 i 4500
001 publ21722
005 20210701134928.0
008 210701s2015 hu o 0|| zxx d
020 |a 9789633064146 
024 7 |a 2983967  |2 mtmt 
040 |a SZTE Publicatio Repozitórium  |b hun 
041 |a zxx 
100 1 |a Persaits Gergő 
245 1 0 |a Régészeti lelőhelyekről származó fitolit vizsgálatok jelentősége az archeobotanikában  |h [elektronikus dokumentum] /  |c  Persaits Gergő 
260 |a Szegedi Tudományegyetem Földrajzi és Földtani Tanszékcsoport  |b Szeged  |c 2015 
300 |a 10 
300 |a 145-154 
490 0 |a Komplex archeobotanika 
700 0 1 |a Sümegi Pál  |e aut 
856 4 0 |u http://publicatio.bibl.u-szeged.hu/21722/1/R%C3%A9g%C3%A9szeti%20lel%C5%91helyekr%C5%91l%20sz%C3%A1rmaz%C3%B3%20fitolit%20vizsg%C3%A1latok%20jelent%C5%91s%C3%A9ge%20az%20archeobotanik%C3%A1ban..pdf  |z Dokumentum-elérés